00585cam a22001938a 4500008004100000020002200041245007100063250001200134260004800146300003600194504004100230500002000271650002100291650002700312700002500339003000100364005001700365040000900382  a0273651838 (pbk.)00aManagement and cost accounting /cCharles T. Horngren... [et al.]. a2nd ed. aHarlow :bPearson Education Limited,c2002. axxxiv, 919 p. :bill. ;c27 cm. aIncludes bibliographical references. aIncludes index. 0aCost accounting. 0aManagerial accounting.1 aHorngren, Charles T.20230123125331.0 cNUST